Las rubaiyatas de Horacio Martin

Salvato in:
Dettagli Bibliografici
Autore principale: Grande, Félix
Natura: Libro
Lingua:Undetermined
Pubblicazione: Barcelona, España Lumen 1979
Soggetti:
Tags: Aggiungi Tag
Nessun Tag, puoi essere il primo ad aggiungerne!!

MARC

LEADER 00000nam a2200000Ia 4500
008 170316s9999 xx 000 0 und d
040 |a cru BVZT 
090 |a 860 G-30r 
100 |a Grande, Félix 
245 |a Las rubaiyatas de Horacio Martin 
260 |a Barcelona, España 
260 |b Lumen 
260 |c 1979 
300 |a 118 páginas 
650 |a LITERATURA LATINOAMERICANA 
999 |c 8761  |d 8761 
942 |c 15 D  |h 860 G-30r  |2 z